BIBLIOTHÈQUE DE LA MAISON DU MEXIQUE

Logo 1 Logo 2

La parole ardente (notice nᵒ 210)

détails MARC
000 -Sello discográfico
campo de control de longitud fija 01070nam a2200337 4500
005 - Identificación de versión
campo de control 20251017062704.0
010 ## - Número Estándar Internacional de Libros (ISBN)
Número (ISBN) 978-99905-0-210-7
035 ## - Otros números de control del sistema
Número de control del sistema 19773
099 ## - fechas locales
Tipo de ítem Koha LIBRO
100 ## - Datos de procesamiento general
Datos de procesamiento general 19941005d1993 m y1spay5003 ba
101 1# - Idioma del recurso
Idioma del texto, banda sonora, etc. Francés
-- Español; Castellano
105 ## - Campo de datos codificados: Material textual, monográfico
Datos codificados de monografía y 001gy
200 1# - Título y mención de responsabilidad
Título propio La parole ardente
Designación general del material texto impreso
Primer mención de responsabilidad Francisco Azuela
Declaración de responsabilidad subsiguiente traduit de l'espagnol par Noelle Yabar Valdéz
210 ## - Publicación, distribución, etc.
Lugar de publicación, distribución, etc. Paris
Nombre del editor, distribuidor, etc. Imprimerie Peigné
Fecha de publicación, distribución, etc. 1993
215 ## - Descripción física
Designación de material específico y extensión del ítem 103 p
Dimensiones 22 cm
300 ## - Notas generales
Texto de la nota Edición bilingüe español-francés
345 ## - Nota de información de adquisición
Fuente de adquisición/dirección de la suscripción [OBSOLETO] Donación Francisco Azuela
410 #1 - Series
Título Collection Les Compagnons d'Orphée
454 #1 - Traducción de
Título La palabra ardiente
606 ## - Término temático usado como materia
Elemento de entrada Poesía mexicana
Subdivisión cronológica Siglo XX
Número Koha 10
700 ## - Nombre personal - Responsabilidad primaria
Elemento de entrada Azuela Espinoza
Parte del nombre distinta del elemento de entrada Francisco
Fechas 1948-
Número Koha 699
702 ## - Nombre personal - Responsabilidad secundaria
Elemento de entrada Yabar Valdéz
Parte del nombre distinta del elemento de entrada Noelle
Número Koha 700
801 #0 - Fuente de origen
Agencia cm
856 4# - Localización electrónica y acceso
Identificador Uniforme de Recurso http://www.artistasalfaix.com/revue/Copyrights,191
900 ## -
-- 1/10638
900 ## -
-- 71094180\\\051094
942 ## - ELEMENTOS DE ENTRADA SECUNDARIOS (KOHA)
Tipo de ítem Koha Livre
996 ## -
-- MEX
-- 751145101
-- MMAG
-- 007326
-- 861.44 A997P
-- 20230203LIV
Exemplaires
Estatus retirado Estado de daño Estado de pérdida Fecha de adquisición Biblioteca de origen Biblioteca actual Ubicación en estantería Código de barras Precio de reemplazo Signatura topográfica completa No para préstamo Tipo de ítem Koha Nota pública Nota no pública
      05/08/2025 Casa México Paris Casa México Paris   007326 05/08/2025 861.44 A997P   Livre 20230203LIV 751145101